00413cam a22001217a 4500008004000000082002700040100002500067245004800092260004800140300001200188440005700200500003400257180718b1988 xxu||||| |||| 00| 0 eng d aA81x54 In2/81/16/PT9/1 aCensus of India 1981 aOrissa: special tables for scheduled castes aDelhibThe Controller of Publicationsc1988 a1297+p. aCensus of India 1981. Series-16, Orissa. Part-IX (i) aContents: Tables SC-I to SC-3